Movies Quiz

Random Movies or Clickable Quiz

30 in 60: Movie Numbers Quiz Stats

 Plays Quiz Updated Jan 3, 2019

Support Sporcle.
Go Orange.
Score 0/30 Timer 01:00
1 Play Today
% Correct
101
72.3%
Million
71.4%
Fifty
70.2%
40
70%
One
69.4%
21
68.2%
13
67.9%
Eighty
67.6%
2001
66%
Sixty
65%
Nine
64.7%
Four
64.2%
30
63.6%
12
62.4%
10
62.3%
% Correct
3
62.3%
Sixteen
61.3%
6
51.9%
Two
51.3%
28
49.7%
10,000
45.9%
300
45.6%
500
43.8%
Five
35.8%
127
35.5%
Eight
34.9%
57
33.2%
93
32.4%
7
23.4%
23
18.4%

You're not logged in!

Compare scores with friends on all Sporcle quizzes.
OR
Log In
Forgot?

From the Vault

MLB 2010 World Series: Texas vs San Francisco

by Ben

Sports 4m
Looks like we're going to have to update our World Series Drought quiz either way.
Remove Ads.
Support Sporcle.
Get the best of Sporcle when you Go Orange. This ad-free experience offers more features, more stats, and more fun while also helping to support Sporcle. Thank you for becoming a member.

Show Comments

Extras

Top Quizzes Today


Score Distribution

Your Account Isn't Verified!

In order to create a playlist on Sporcle, you need to verify the email address you used during registration. Go to your Sporcle Settings to finish the process.

Report this User

Report this user for behavior that violates our Community Guidelines.

Details: